| 000 | 00450nam a22001817a 4500 | ||
|---|---|---|---|
| 005 | 20260530161624.0 | ||
| 008 | 260530b |||||||| |||| 00| 0 eng d | ||
| 020 |
_a9783110485653 _c7336.15 |
||
| 040 | _aMAIN | ||
| 041 | _aGerman | ||
| 082 |
_a409 _bPOL |
||
| 100 |
_aPolenz, Peter Von _926964 |
||
| 245 | _aGeschichte Der Deutschen Sprache | ||
| 260 |
_aBerlin _bDe Gruyter _c2020 |
||
| 300 | _a255 | ||
| 650 | _aGerman Language | ||
| 942 | _cBK | ||
| 999 |
_c60938 _d60938 |
||